[Event "Candidates semifinal2 playoff"]
[Site "Dortmund"]
[Date "2002.07.17"]
[Round "2"]
[White "Topalov, Veselin"]
[Black "Bareev, Evgeny"]
[Result "1-0"]
[WhiteElo "2745"]
[BlackElo "2726"]
[PlyCount "59"]
[EventDate "2002.07.17"]
[Source "ChessBase"]

1. e4 e6 2. d4 d5 3. Nc3 Nf6 4. Bg5 dxe4 5. Nxe4 Nbd7 6. Nf3 Be7 7. Nxf6+ Bxf6
8. h4 c5 9. Qd2 cxd4 10. Nxd4 h6 11. Bxf6 Nxf6 12. Qb4 Nd5 13. Qa3 Qe7 14. Bb5+
Bd7 15. Bxd7+ Kxd7 16. Qa4+ Kc7 17. Rh3 a6 18. Rb3 Qc5 19. O-O-O b5 20. Qa5+
Qb6 21. Qe1 Kb7 22. Qe2 Ka7 23. Nxb5+ axb5 24. Rxb5 Qc6 25. Rdxd5 exd5 26. Qe7+
Ka6 27. Rb3 Qb6 28. Ra3+ Qa5 29. Rxa5+ Kxa5 30. Qxf7 1-0

[Event "KRO m"]
[Site "Hilversum"]
[Date "1987.??.??"]
[Round "1"]
[White "Timman, Jan H"]
[Black "Ljubojevic, Ljubomir"]
[Result "1-0"]
[WhiteElo "2630"]
[BlackElo "2625"]
[PlyCount "49"]
[EventDate "1987.12.??"]
[Source "ChessBase"]

1. d4 d5 2. c4 c6 3. Nf3 Nf6 4. Nc3 dxc4 5. e3 Be6 6. Ng5 Bd5 7. e4 h6 8. exd5
hxg5 9. dxc6 Nxc6 10. d5 Ne5 11. Bxg5 Qb6 12. Be3 Qxb2 13. Bd4 Nd3+ 14. Bxd3
cxd3 15. O-O Qb4 16. Qxd3 a6 17. Rfe1 Rc8 18. Bxf6 gxf6 19. Ne4 Kd8 20. d6 e6
21. Rab1 Qa5 22. Qd4 Bg7 23. Red1 Rh5 24. Qa7 Rb5 25. d7 1-0